000 00302nam a2200109Ia 4500
008 180205s9999 xx 000 0 und d
020 _a9789719803966
100 _aYu-Torres, Rosario
245 _aTalinghagang pang-araw-araw /
260 _aQuezon City
_bC & E publishing
_c2016
300 _av, 219 pages
999 _c354917
_d354917